Personnages de Your Lie in April - Statistiques

Statistiques générales
  • Ce quiz a été pris 69 fois
  • Le résultat moyen est 4 sur 9
Statistiques - réponses
Par images Réponse % Correct
Kousei Arima
93%
Kaori Miyazono
90%
Sawabe Tsubaki
71%
Ryouta Watari
57%
Emi Igawa
40%
Nagi Aiza
29%
Takeshi Aiza
29%
Saki Arima
21%
Hiroko Seto
14%
Aucun quiz correspondant
Distribution des résultats
% des personnes avec chaque résultat
Percentile par nombre de réponses
Votre historique - résultats
Vous n’avez pas pris ce quiz